La ocupación plena: (Registro nro. 11830)

Detalles MARC
000 -LEADER
fixed length control field 00877nam a2200229Ia 4500
003 - CONTROL NUMBER IDENTIFIER
control field OSt
005 - DATE AND TIME OF LATEST TRANSACTION
control field 20210603095733.0
008 - FIXED-LENGTH DATA ELEMENTS--GENERAL INFORMATION
fixed length control field 210310s1947 mx gr 000 0 spa d
040 ## - CATALOGING SOURCE
Original cataloging agency CO-JMCR
Transcribing agency CO-JMCR
041 0# - LANGUAGE CODE
Language code of text/sound track or separate title spa
082 04 - DEWEY DECIMAL CLASSIFICATION NUMBER
Classification number 331.13 /
Item number B571o
Edition number 23
100 1# - MAIN ENTRY--PERSONAL NAME
Personal name Beveridge, William H.,
Relator term autor
9 (RLIN) 26558
245 13 - TITLE STATEMENT
Title La ocupación plena:
Remainder of title sus requisitos y consecuencias /
Statement of responsibility, etc. William H. Beveridge
250 ## - EDITION STATEMENT
Edition statement Primera edición
260 ## - PUBLICATION, DISTRIBUTION, ETC.
Place of publication, distribution, etc. México :
Name of publisher, distributor, etc. Fondo de Cultura Económica,
Date of publication, distribution, etc. 1947.
300 ## - PHYSICAL DESCRIPTION
Extent 538 páginas ;
Dimensions 21 cm.
505 ## - FORMATTED CONTENTS NOTE
Formatted contents note La ocupación en la paz. -- La ocupación plena en tiempos de paz. -- Consecuencias internacionales de la ocupación plena. -- La ocupación plena y la conciencia social.
650 14 - SUBJECT ADDED ENTRY--TOPICAL TERM
Topical term or geographic name entry element Historia de economía
9 (RLIN) 37909
650 24 - SUBJECT ADDED ENTRY--TOPICAL TERM
Topical term or geographic name entry element Desocupación laboral
9 (RLIN) 38055
650 24 - SUBJECT ADDED ENTRY--TOPICAL TERM
Topical term or geographic name entry element Teorías laborales
9 (RLIN) 38056
942 ## - ADDED ENTRY ELEMENTS (KOHA)
Source of classification or shelving scheme Dewey Decimal Classification
Koha item type Books
Existencias
Withdrawn status Lost status Source of classification or shelving scheme Damaged status Not for loan Home library Current library Shelving location Date acquired Source of acquisition Full call number Barcode Date last seen Copy number Price effective from Koha item type
    Dewey Decimal Classification     Biblioteca Pública José María del Castillo y Rada Biblioteca Pública José María del Castillo y Rada General Stacks 04/15/2018 Donación 331.13 / B571o 430002998 05/16/2024 Ej.1 03/10/2021 Books